00291nam a2200109Ia 4500008004100000041000800041082002500049100001400074245005000088260003400138300000900172230411s9999 xx 000 0 und d aeng aS/617.917/DAV/B00593 aDavey Ann aFundamentals of Operating Department Practice bGreenwich MediaaLondonc1999 a341p